Представление документа в формате MARC21

ПолеНазваниеЗначение
  Тип записи a
  Библиографический уровень m
001 Контрольный номер RU/IS/BASE/581855190
005 Дата корректировки 20240213125556.0
020 Индекс ISBN __
a ISBN 5-203-00132-4 (в пер.)
c Цена, тираж 1-70
040 Источник каталогиз. __
a Служба первич. каталог. МТН
041 Код языка издания 0_
a Код языка текста rus
084 Индекс другой классификации/Индекс ББК __
a Индекс другой классификации/Индекс ББК 68.4я73
090 Шифры __
a Полочн. индекс 68
x Авторский знак П 44
c Каталожный индекс 68.4я73
100 Автор 1_
a Автор Сотников В. Ф.
245 Заглавие 10
a Заглавие Подготовка офицеров запаса Сухопутных войск
h Физич. носитель Текст
b Продолж. заглавия учеб. пособие
c Ответственность под ред. Ю. А. Науменко
260 Выходные данные __
a Место издания М.
b Издательство Воениздат
c Дата издания 1989
300 Физическое описание __
a Объем 448 с.
b Иллюстрации/ тип воспроизводства 16 л. ил.
650 Тематические рубрики 14
a Основная рубрика СОЦИАЛЬНЫЕ (ОБЩЕСТВЕННЫЕ) И ГУМАНИТАРНЫЕ НАУКИ
x Основная подрубрика ВОЕННОЕ ДЕЛО
653 Ключевые слова 10
a Ключевые слова ВОЕННОЕ ДЕЛО
653 Ключевые слова 1_
a Ключевые слова ВОЕННАЯ НАУКА
653 Ключевые слова 1_
a Ключевые слова ВООРУЖЕННЫЕ СИЛЫ В ЦЕЛОМ
653 Ключевые слова 1_
a Ключевые слова ОФИЦЕРЫ ЗАПАСА
653 Ключевые слова 1_
a Ключевые слова ПОДГОТОВКА ОФИЦЕРОВ ЗАПАСА
653 Ключевые слова 1_
a Ключевые слова СУХОПУТНЫЕ ВОЙСКА
653 Ключевые слова 1_
a Ключевые слова УЧЕБНОЕ ПОСОБИЕ
653 Ключевые слова 1_
a Ключевые слова СТРУКТУРА СОВЕТСКИХ ВООРУЖЕННЫХ СИЛ
653 Ключевые слова 1_
a Ключевые слова ПАРТИЙНО-ПОЛИТИЧЕСКАЯ РАБОТА В ВОЙСКАХ
653 Ключевые слова 1_
a Ключевые слова УЧАСТИЕ ПОДРАЗДЕЛЕНИЙ В БОЮ
653 Ключевые слова 1_
a Ключевые слова ЗАЩИТА ОТ ОРУЖИЯ МАССОВОГО ПОРАЖЕНИЯ
653 Ключевые слова 1_
a Ключевые слова ХАРАКТЕРИСТИКА ВИДОВ ВООРУЖЕНИЯ И ТЕХНИКИ
653 Ключевые слова 1_
a Ключевые слова ПРАВИЛА СТРЕЛЬБЫ
653 Ключевые слова 1_
a Ключевые слова УПРАВЛЕНИЕ ОГНЕМ
653 Ключевые слова 1_
a Ключевые слова СУХОПУТНЫЕ ВОЙСКА ИНОСТРАННЫХ АРМИЙ
700 Другие авторы 1_
a Другие авторы Малинин В. И.
700 Другие авторы 1_
a Другие авторы Кириллов А. И.
700 Другие авторы 1_
a Другие авторы Агафонов В. И.
901 Тип документа __
t Тип документа m
952 Тип литературы __
c Вид литературы научная